00253 a2200109 4500001000700000020000600007040001100013100003100024240004200055245003700097362000900134164463 a  cMagnum aAzevedo, Janete M. Lins de10aA educacao como politica publicalpor10aA educacao como politica publica0 a1899